Guess the Flag- Brick Edition - Statistics

General Stats
  • This quiz has been taken 15 times
  • The average score is 20 of 24
Answer Stats
Picture Answer % Correct
Brazil
100%
Australia
92%
Bangladesh
92%
Canada
92%
Colombia
92%
Cuba
92%
Mexico
92%
Poland
92%
Spain
92%
Venezuela
92%
Vietnam
92%
Fiji
85%
Finland
85%
Mongolia
85%
Niger
85%
Uruguay
85%
Yemen
77%
Bahamas
69%
Latvia
69%
Senegal
69%
Kiribati
62%
Lesotho
62%
Togo
62%
Samoa
54%
No matching quizzes found
Score Distribution
Percent of People with Each Score
Percentile by Number Answered
Your Score History
You have not taken this quiz